000
00225 a2200097 4500
001
46951
100
_a
Gugeler C
245
_a
Combat Actions in Korea
260
_a
Washington
_b
Combat Forces Press
_c
090
_c
30027
_d
30027
942
_a
NUST-CAE
_c
M
_c
22256
999
_c
282024
_d
282024